书目信息 |
| 题名: |
创业与企业家精神
|
|
| 作者: | 张世贤 , 夏洪胜 主编 | |
| 分册: | ||
| 出版信息: | 北京 经济管理出版社 2014 |
|
| 页数: | 202页 | |
| 开本: | 24cm | |
| 丛书名: | 21世纪工商管理文库 | |
| 单 册: | ||
| 中图分类: | F272 | |
| 科图分类: | ||
| 主题词: | 企业管理--研究 , 企业管理 | |
| 电子资源: | ||
| ISBN: | 978-7-5096-2342-8 | |
| 000 | 01081nam0 2200277 450 | |
| 001 | 139007 | |
| 005 | 20140903092045.81 | |
| 010 | @a978-7-5096-2342-8@dCNY 39.00 | |
| 100 | @a20140609d2014 em y0chiy50 ea | |
| 101 | 0 | @achi |
| 102 | @aCN@b110000 | |
| 105 | @aa z 000yy | |
| 200 | 1 | @a创业与企业家精神@Achuang ye yu qi ye jia jing shen@b专著@dBusiness and entrepreneurship@f夏洪胜,张世贤主编@zeng |
| 210 | @a北京@c经济管理出版社@d2014 | |
| 215 | @a202页@c图@d24cm | |
| 225 | 1 | @a21世纪工商管理文库 |
| 300 | @a中国社会科学院创新工程学术出版资助项目 | |
| 330 | @a本书讲述了创业是具有企业家精神的创业者发现和捕获商机并创造价值的过程。创业者凭借独到的眼光识别和开发创业机会,通过对创业组织进行有效的领导和管理,整合组织内外部资源,利用和实现机会价值,最终达到创造价值、组织盈利的目的。 | |
| 510 | 1 | @aBusiness and Entrepreneurship@zeng |
| 606 | 0 | @a企业管理@x研究 |
| 606 | 0 | @a企业管理 |
| 690 | @aF272@v5 | |
| 701 | 0 | @a张世贤@Azhang shi xian@f(1956 )@4主编 |
| 701 | 0 | @a夏洪胜@Axia hong sheng@c(管理学)@4主编 |
| 801 | 0 | @c20140903 |
| 905 | @a241430@dF272@eX182 | |
| 创业与企业家精神=Business and entrepreneurship/夏洪胜,张世贤主编.-北京:经济管理出版社,2014 |
| 202页:图;24cm.-(21世纪工商管理文库) |
| 中国社会科学院创新工程学术出版资助项目 |
| ISBN 978-7-5096-2342-8:CNY 39.00 |
| 本书讲述了创业是具有企业家精神的创业者发现和捕获商机并创造价值的过程。创业者凭借独到的眼光识别和开发创业机会,通过对创业组织进行有效的领导和管理,整合组织内外部资源,利用和实现机会价值,最终达到创造价值、组织盈利的目的。 |
| ● |
| 相关链接 |
|
|
|
正题名:创业与企业家精神
索取号:F272/X182
 
预约/预借
| 序号 | 登录号 | 条形码 | 馆藏地/架位号 | 状态 | 备注 |
| 1 | 0828350 | 208283506 | 社科库409/400B社科库 3排2列3层/ [索取号:F272/X182] | 在馆 | |
| 2 | 0828351 | 208283515 | 社科二线422/422社科库 26排4列1层/ [索取号:F272/X182] | 在馆 | |
| 3 | 0828352 | 208283524 | 社科二线422/422社科库 26排4列1层/ [索取号:F272/X182] | 在馆 |